[Event "BCF-ch U12 rapid"]
[Site "Hull"]
[Date "2024.07.26"]
[Round "4"]
[White "Poliakov, Andrii"]
[Black "Sasikumar, Srivathsan"]
[Result "0-1"]
[WhiteElo "1606"]
[BlackElo "1873"]
[PlyCount "136"]
[EventDate "2024.07.26"]
[EventType "swiss (rapid)"]
[EventRounds "9"]
[EventCountry "ENG"]
[SourceTitle "CBM 221 Extra"]
[Source "ChessBase"]
[SourceDate "2024.09.30"]
[SourceVersion "1"]
[SourceVersionDate "2024.09.30"]
[SourceQuality "1"]

1. d4 Nf6 2. c4 e6 3. Bg5 Be7 4. e3 0-0 5. Nf3 d5 6. Nc3 c6 7. Be2 Nbd7 8. 0-0 a6 9. a4 b6 10. Qb3 c5 11. Rfd1 Bb7 12. a5 dxc4 13. Bxc4 b5 14. Be2 c4 15. Qc2 Qc7 16. Bf4 Bd6 17. Bxd6 Qxd6 18. e4 Qe7 19. d5 exd5 20. exd5 Qd6 21. Rd4 Nc5 22. Rad1 Rfe8 23. Nd2 h6 24. Nde4 Ncxe4 25. Nxe4 Nxe4 26. Rxe4 Bxd5 27. Red4 Qe5 28. Rxd5 Qxe2 29. Qxe2 Rxe2 30. R5d2 Rxd2 31. Rxd2 Rc8 32. Rd6 b4 33. Kf1 Rc5 34. Rd4 c3 35. bxc3 bxc3 36. Rd1 Rxa5 37. Rc1 Rc5 38. Ke2 Kh7 39. Kd3 Kg6 40. Kc2 Re5 41. Kxc3 Rc5+ 42. Kd2 Rxc1 43. Kxc1 Kf5 44. Kd2 Ke4 45. h3 a5 46. Kc3 a4 47. h4 a3 48. Kb3 Kd3 49. f4 f5 50. Kxa3 Ke3 51. g3 Kf3 52. Kb4 Kxg3 53. Kc4 Kxf4 54. Kd3 Kg3 55. Ke3 f4+ 56. Ke2 Kg2 57. Kd3 f3 58. Ke4 f2 59. Kf5 f1Q+ 60. Kg6 Qf6+ 61. Kh7 g5 62. h5 g4 63. Kg8 g3 64. Kh7 Kh2 65. Kg8 g2 66. Kh7 Kh1 67. Kg8 g1Q+ 68. Kh7 Qfg7# 0-1